MARC

LEADER 00000nam0a2200000 4500
001 60311
005 20231031061303.0
010 |a 5947237245 
035 |a (RuTPU)RU\TPU\book\63778 
090 |a 60311 
100 |a 20040205d2004 m y0rusy50 ca 
101 0 |a rus 
102 |a RU 
105 |a a j 001zy 
200 1 |a Мировые информационные ресурсы  |e учебное пособие  |f А. В. Хорошилов, С. Н. Селетков 
210 |a СПб.  |c Питер  |d 2004 
215 |a 176 с.  |c ил. 
225 1 |a Учебное пособие 
225 1 |a Издательская программа "300 лучших учебников для высшей школы в честь 300-летия Санкт-Петербурга" 
320 |a Библиогр.: с. 166 
610 1 |a информатика 
610 1 |a информационные ресурсы 
610 1 |a мировые ресурсы 
610 1 |a информационные услуги 
610 1 |a предпринимательская деятельность 
610 1 |a информационное обеспечение 
610 1 |a Российская Федерация 
610 1 |a правовая информированность 
610 1 |a финансовая информация 
610 1 |a информационные агентства 
610 1 |a учебные пособия 
686 |a У9(2)39я73  |v LBC/SL-A  |2 rubbk 
700 1 |a Хорошилов  |b А. В.  |g Александр Владиевич 
701 1 |a Селетков  |b С. Н.  |g Сергей Николаевич 
801 1 |a RU  |b 63413507  |c 20040205  |g PSBO 
801 2 |a RU  |b 63413507  |c 20120710  |g PSBO 
900 |a Статистика 
900 |a Математические методы исследования экономики 
900 |a Финансы и кредиты 
900 |a Мировая экономика 
900 |a Бухгалтерский учет и аудит 
942 |c BK 
951 |b 061700  |b 061800  |b 060400  |b 060500  |b 060600